Komunikacja miejska Bartoszyce - linia nr 1 - Statystyki

Ogólne statystyki
  • Ten quiz został rozwiązany 8 razy
  • Średni wynik to 3 z 15
Statystyki odpowiedzi
Odpowiedź % Poprawnych
Warszawska
86%
Wyszyńskiego Szpital
57%
Chilmanowicza
29%
Sikorskiego
29%
Witosa
29%
Leśna Cmentarz pętla nawrotowa
14%
Paderewskiego Zacisze
14%
Bema Awangarda
0%
Bema Netto
0%
Kętrzyńska Media Expert
0%
Leśna Lasek Miejski
0%
Paderewskiego Tajna Poczta
0%
Poniatowskiego I
0%
Poniatowskiego II
0%
Poprzeczna Skrzyżowanie z ulicą Topolową
0%
Nie znaleziono quizów pasujących do podanych kryteriów
Rozkład punktacji
Procent ludzi z każdym wynikiem
Percentyl według liczby udzielonych odpowiedzi
Twoja historia wyników
Nie rozwiązałeś tego quizu